Central Library OPAC University of Rajshahi

Struggle for Asia / (Record no. 26561)

MARC details
000 -LEADER
fixed length control field 00737cam a22002651 4500
001 - CONTROL NUMBER
control field 26561
003 - CONTROL NUMBER IDENTIFIER
rucl marc code BD-RjUL
005 - DATE AND TIME OF LATEST TRANSACTION
control field 20211209051032.0
008 - FIXED-LENGTH DATA ELEMENTS--GENERAL INFORMATION
fixed length control field 140322s1955 nyua 000 0 eng
035 ## - SYSTEM CONTROL NUMBER
System control number (BD-RjUL)26631
System control number (BD-RjUL)26631
040 ## - CATALOGING SOURCE
Original cataloging agency DLC
Transcribing agency OClW
Modifying agency OCoLC
-- DLC
Language of cataloging eng
041 ## - LANGUAGE CODE
Language code of text/sound track or separate title eng
082 ## - DEWEY DECIMAL CLASSIFICATION NUMBER
Classification number 950
Author mark and year LOS 1955
100 1# - MAIN ENTRY--PERSONAL NAME
Personal name Low, Francis,
Dates associated with a name 1893-
9 (RLIN) 81697
245 10 - TITLE STATEMENT
Title Struggle for Asia /
260 ## - PUBLICATION, DISTRIBUTION, ETC. (IMPRINT)
Place of publication, distribution, etc. New York :
Name of publisher, distributor, etc. Praeger ,
Date of publication, distribution, etc. 1955.
300 ## - PHYSICAL DESCRIPTION
Pagination ix, 239 p. :
Illustrations illus. ;
Size 21 cm.
490 0# - SERIES STATEMENT
Series statement Books that matter
650 #0 - SUBJECT ADDED ENTRY--TOPICAL TERM
Topical term or geographic name as entry element Eastern question (Far East)
9 (RLIN) 10872
651 #0 - SUBJECT ADDED ENTRY--GEOGRAPHIC NAME
Geographic name Asia
General subdivision Politics and government.
9 (RLIN) 81698
942 ## - ADDED ENTRY ELEMENTS (KOHA)
Source of classification or shelving scheme Dewey Decimal Classification
Koha item type Books
Holdings
Lost status Source of classification or shelving scheme Damaged status Not for loan Collection code Permanent Location Current Location Shelving location Date acquired Source of acquisition Cost, normal purchase price Total Checkouts Full call number Date last seen Copy number Koha item type
  Dewey Decimal Classification   Added to bundle Non-fiction Central Library, University of Rajshahi Central Library, University of Rajshahi   22/02/1958 Mohamaddin and Sons 17.20   950 LOS 1955 22/03/2014 C-1 Books